000 00645nam a22002177a 4500
999 _c22667
_d22667
003 AR-CdUCM
008 190313b ||||| |||| 00| 0 spa d
020 _a9786123156954
040 _aMUNICIPALIDAD PROVINCIAL DEL CUSCO
_cBIBLIOTECA MUNICIPAL DEL CUSCO
082 _a869.56/A6669B
100 _aAráoz de Jahnsen, Arelí
_911266
245 _aBendita soledad /
_cArelí Aráoz
260 _aLima :
_bEdit. San Marcos,
_c2020.
300 _a133 páginas ;
_c21 cm.
650 _aPoesía
_948828
650 _aPoesía peruana
_948829
650 _aPoemas de amor
_92283
650 _aSiglo XX
_948825
942 _2ddc
_cLIBROS
945 _arac